000 00521nam a22001817a 4500
005 20140310183645.0
008 140107b xxu||||| |||| 00| 0 eng d
020 _a9781601631695
050 _aQA 152.3
_b.Sz98 2011
100 _aSzecsei, Denise
245 _aHomework helpers Algebra /
_cDenise Szecsei
260 _aPompton, NJ :
_bCareer Press,
_c2011.
300 _a255 p. :
_bcol. ill. ;
_c24 cm.
650 _aAlgebra
650 _aAlgebra
_vProblems, exercises, etc
942 _2lcc
_cBK
_kFOR
999 _c25904
_d25904